[Event "Frankfurt Ch B 2016"]
[Site "Ffm-Höchst, BiKuZ"]
[Date "2016.05.30"]
[Round "5.13"]
[White "Urbach, Jens"]
[Black "Fredershausen, Kurt"]
[Result "1-0"]
[WhiteElo "1417"]
[BlackElo "1023"]
[PlyCount "105"]
[EventDate "2016.??.??"]
[WhiteTeam "SF Frankfurt"]
[BlackTeam "SC Bad Soden"]

1. e4 e5 2. Nf3 Nf6 3. Nxe5 d6 4. Nf3 Nxe4 5. d4 d5 6. Be2 Be7 7. O-O h6 8. c4
c6 9. cxd5 cxd5 10. Nc3 a6 11. Nd2 Nxc3 12. bxc3 Nd7 13. c4 Nf6 14. c5 O-O 15.
Nf3 Ne4 16. Bd3 Bf6 17. Re1 Bg4 18. Bxe4 dxe4 19. Rxe4 Bxf3 20. Qxf3 Bxd4 21.
Rb1 Re8 22. Rxe8+ Qxe8 23. Bd2 Rd8 24. g3 Qc6 25. Qf4 Qf6 26. Qxf6 Bxf6 27. Be3
Rd7 28. Rc1 Be5 29. c6 Rc7 30. Rc5 Bd6 31. cxb7 Rxb7 32. Rc6 Be5 33. Rxa6 Bf6
34. a4 Rb1+ 35. Kg2 Bc3 36. a5 Ra1 37. Ra8+ Kh7 38. a6 Ra2 39. a7 Be5 40. Re8
Rxa7 41. Bxa7 f6 42. Bc5 g5 43. Bf8 g4 44. f3 gxf3+ 45. Kxf3 Kg6 46. h4 h5 47.
Re7 Bd4 48. g4 hxg4+ 49. Kxg4 f5+ 50. Kf4 Bf6 51. Re6 Kh5 52. Rxf6 Kxh4 53.
Rh6# 1-0

[Event "Frankfurt Ch B 2016"]
[Site "Ffm-Höchst, BiKuZ"]
[Date "2016.05.30"]
[Round "5.14"]
[White "Falk, Aniko Tim"]
[Black "Albrecht, Edwin"]
[Result "1-0"]
[WhiteElo "1191"]
[BlackElo "838"]
[PlyCount "99"]
[EventDate "2016.??.??"]
[WhiteTeam "SK Hungen"]
[BlackTeam "SC Bad Soden"]

1. e4 e5 2. Nf3 Nc6 3. Bb5 Bc5 4. O-O Nf6 5. Bxc6 bxc6 6. d4 Bb6 7. Nc3 d6 8.
dxe5 dxe5 9. Qxd8+ Kxd8 10. Rd1+ Ke7 11. Nxe5 Bb7 12. Bg5 Rhe8 13. Bxf6+ gxf6
14. Nc4 Ba6 15. Nxb6 cxb6 16. f3 b5 17. b4 Kf8 18. a4 Re6 19. axb5 cxb5 20. Ra5
Rb8 21. Rd5 Reb6 22. Rf5 Kg7 23. Nd5 Rc6 24. c3 Bc8 25. Ne7 Bxf5 26. Nxc6 Rb6
27. Nxa7 Bd7 28. Kf2 Kf8 29. Ke3 Ke7 30. Kd4 Kd6 31. c4 bxc4 32. Kxc4 Be6+ 33.
Kc3 Rb7 34. Nb5+ Kc6 35. Nd4+ Kd7 36. Nxe6 fxe6 37. Rh5 Kd6 38. Kc4 Rc7+ 39.
Kb5 Rb7+ 40. Ka5 Ra7+ 41. Kb6 Rc7 42. Rc5 Rd7 43. b5 h6 44. Rc6+ Ke7 45. Rc7
Kd6 46. Rxd7+ Kxd7 47. Kb7 Kd6 48. b6 Kc5 49. Kc7 Kb5 50. b7 1-0

[Event "Frankfurt Ch B 2016"]
[Site "Ffm-Höchst, BiKuZ"]
[Date "2016.05.30"]
[Round "5.15"]
[White "Landvoigt, Martin"]
[Black "Lassek, Bjarne"]
[Result "1-0"]
[WhiteElo "1155"]
[BlackElo "737"]
[PlyCount "81"]
[EventDate "2016.??.??"]
[WhiteTeam "SF Friedberg"]
[BlackTeam "SC Nied"]

1. f4 d5 2. Nf3 Bf5 3. d3 e6 4. e3 Bb4+ 5. Nbd2 Nc6 6. a3 Bc5 7. Nb3 Bb6 8. Be2
Nf6 9. Nbd4 Ne7 10. O-O O-O 11. Kh1 h6 12. Bd2 c5 13. Nb3 Nc6 14. Ne5 c4 15.
Nxc6 bxc6 16. Nd4 Bg6 17. Nxc6 Qd6 18. Ne5 Bf5 19. Bb4 Qc7 20. Bxf8 Rxf8 21. d4
c3 22. b3 a5 23. a4 h5 24. Bd3 Ng4 25. Bxf5 exf5 26. Qd3 Kh7 27. Qxf5+ g6 28.
Qd3 Nf6 29. f5 Ne4 30. fxg6+ fxg6 31. Rxf8 Ba7 32. Raf1 Kh6 33. R1f7 Qd6 34.
Rf6 Qe7 35. Rxg6+ Kh7 36. Rff6 Nxf6 37. Rxf6+ Kg8 38. Qg6+ Qg7 39. Qe8+ Qf8 40.
Qxf8+ Kh7 41. Rh6# 1-0

[Event "Frankfurt Ch B 2016"]
[Site "Ffm-Höchst, BiKuZ"]
[Date "2016.05.30"]
[Round "5.16"]
[White "Pessotschinski, Lars"]
[Black "Häfner, Günther"]
[Result "0-1"]
[WhiteElo "764"]
[BlackElo "845"]
[PlyCount "72"]
[EventDate "2016.??.??"]
[WhiteTeam "TuS Makkabi"]
[BlackTeam "FV Berkersheim"]

1. e4 c6 2. Nc3 d5 3. d3 d4 4. Nce2 Nf6 5. Nf3 Bg4 6. Nfxd4 Qxd4 7. Nxd4 Bxd1
8. Kxd1 Ng4 9. Be3 Ne5 10. f4 Ng4 11. h3 Nxe3+ 12. Kd2 Nxf1+ 13. Rhxf1 e6 14.
Rfe1 Be7 15. f5 e5 16. Nf3 Nd7 17. Re3 O-O 18. g4 Rad8 19. h4 Nf6 20. g5 Nd7
21. h5 f6 22. g6 h6 23. c3 b5 24. d4 Nb6 25. b3 c5 26. Rd3 c4 27. bxc4 Nxc4+
28. Kc2 Rd7 29. dxe5 Rxd3 30. Kxd3 Rd8+ 31. Ke2 fxe5 32. Rb1 a6 33. Rb3 Nd6 34.
Nxe5 Bf6 35. Nc6 Re8 36. Kf3 Nxe4 0-1

[Event "Frankfurt Ch B 2016"]
[Site "Ffm-Höchst, BiKuZ"]
[Date "2016.05.30"]
[Round "5.17"]
[White "Lachmann, Irma"]
[Black "Lochmann, Tobias"]
[Result "1-0"]
[WhiteElo "743"]
[BlackElo "729"]
[PlyCount "59"]
[EventDate "2016.??.??"]
[WhiteTeam "FV Berkersheim"]
[BlackTeam "SV Groß-Gerau"]

1. d4 d5 2. e3 Nc6 3. c4 Nf6 4. Nc3 e6 5. Nf3 Bb4 6. a3 Bxc3+ 7. bxc3 O-O 8.
Bd3 Na5 9. O-O dxc4 10. Bc2 Bd7 11. Rb1 Bc6 12. Qe2 Bd5 13. Rd1 Be4 14. Rb2 Rb8
15. Ng5 Bxc2 16. Qxc2 Nb3 17. Qe2 Na5 18. Qf3 Ne8 19. Qe4 Nf6 20. Qe5 Qe7 21.
Qxa5 h6 22. Nf3 Rfc8 23. Qxa7 Ra8 24. Qxb7 Rd8 25. Qc6 Rxa3 26. Qxc4 Ra1 27.
Rb7 Rd7 28. Ne5 Rd8 29. Nc6 Rd6 30. Nxe7+ 1-0

[Event "Frankfurt Ch A 2016"]
[Site "Ffm-Höchst, BiKuZ"]
[Date "2016.06.06"]
[Round "6.2"]
[White "Telljohann, Sven"]
[Black "Rondonuwu, Grover"]
[Result "1-0"]
[WhiteElo "2345"]
[BlackElo "1976"]
[PlyCount "81"]
[EventDate "2016.??.??"]
[WhiteTeam "SF Schöneck"]
[BlackTeam "Frankfurter TV"]

1. c4 Nf6 2. Nf3 c6 3. g3 d5 4. b3 Bg4 5. Bg2 e6 6. Bb2 Nbd7 7. O-O Bd6 8. d3
Qe7 9. a3 a5 10. Nbd2 O-O 11. Ra2 h6 12. Qa1 Rfe8 13. Re1 e5 14. cxd5 cxd5 15.
h3 Bxf3 16. Nxf3 Rac8 17. Nd2 b5 18. Rc1 Nb6 19. e3 Nfd7 20. d4 e4 21. Bf1 Rxc1
22. Bxc1 b4 23. Bb5 Rc8 24. axb4 Bxb4 25. Ba3 Nf6 26. Ba6 Rc7 27. Bxb4 axb4 28.
Bb5 Kh7 29. Nf1 Nc8 30. Ra6 Ra7 31. Qa5 Qb7 32. Rxa7 Nxa7 33. Be2 Nc6 34. Qc5
Na7 35. g4 Nd7 36. Qe7 Kg8 37. g5 hxg5 38. Bg4 Nc6 39. Qxd7 Qxd7 40. Bxd7 Na5
41. Ba4 1-0

[Event "Frankfurt Ch A 2016"]
[Site "Ffm-Höchst, BiKuZ"]
[Date "2016.06.06"]
[Round "6.3"]
[White "Milov, Leonid"]
[Black "Zweschper, Erich"]
[Result "1-0"]
[WhiteElo "2417"]
[BlackElo "2036"]
[PlyCount "85"]
[EventDate "2016.??.??"]
[WhiteTeam "SC Noris-Tarrasch Nürnberg"]
[BlackTeam "SVG Eppstein"]

1. f4 d6 2. Nf3 g6 3. e4 Bg7 4. d4 e6 5. Nc3 Ne7 6. e5 O-O 7. Ne4 d5 8. Nf2 c5
9. dxc5 Nbc6 10. c3 f6 11. exf6 Bxf6 12. Ng4 e5 13. Nxf6+ Rxf6 14. fxe5 Rxf3
15. Qxf3 Nxe5 16. Qf4 N7c6 17. Be2 Bf5 18. O-O Qe7 19. Be3 Re8 20. Qg3 Qd7 21.
Rad1 Qe6 22. Rde1 Bd3 23. Bh6 Bf5 24. Bb5 Be4 25. Bg5 a6 26. Rf6 Qc8 27. Bxc6
bxc6 28. b4 Ng4 29. Rff1 Ne5 30. Bf6 Nf7 31. Bd4 Nh6 32. Qg5 Nf5 33. Qf6 Nxd4
34. Qf7+ Kh8 35. cxd4 Qd8 36. Qf6+ Qxf6 37. Rxf6 Rb8 38. a3 a5 39. Rxc6 axb4
40. Rb6 Ra8 41. axb4 Ra2 42. Rxe4 dxe4 43. Re6 1-0

[Event "Frankfurt Ch A 2016"]
[Site "Ffm-Höchst, BiKuZ"]
[Date "2016.06.06"]
[Round "6.4"]
[White "Felmy, Benjamin"]
[Black "Legde, Georg"]
[Result "0-1"]
[WhiteElo "2075"]
[BlackElo "2299"]
[PlyCount "98"]
[EventDate "2016.??.??"]
[WhiteTeam "SC Bad Soden"]
[BlackTeam "Freibauer Mörlenbach"]

1. d4 Nf6 2. Nf3 e6 3. c4 c5 4. Nc3 cxd4 5. Nxd4 a6 6. g3 Qc7 7. Bg2 Qxc4 8.
O-O Nc6 9. Nxc6 dxc6 10. Bf4 Qb4 11. a3 Qe7 12. Na4 e5 13. Be3 Be6 14. Bc5 Qc7
15. Bb6 Qd6 16. Qc2 Nd7 17. Rfd1 Qb8 18. Be3 Qc7 19. b4 Be7 20. Nc5 Nxc5 21.
bxc5 O-O 22. Rab1 Rad8 23. Rxd8 Rxd8 24. Qc3 f5 25. f4 Bf6 26. fxe5 Bxe5 27.
Rxb7 Rd1+ 28. Bf1 Bxc3 29. Rxc7 f4 30. Bxf4 Bh3 31. Kf2 Bd4+ 32. e3 Rxf1+ 33.
Ke2 Bxc5 34. Rxc6 Rc1 35. Rxa6 Bf1+ 36. Kd2 Bxa6 37. Kxc1 Bxa3+ 38. Kc2 Kf7 39.
Kc3 Bc5 40. e4 Ke6 41. h4 Be2 42. Bb8 Bd6 43. Bxd6 Kxd6 44. Kd4 Bg4 45. e5+ Ke6
46. Ke4 Bd1 47. Kf4 Bc2 48. h5 Bd1 49. g4 Be2 0-1

[Event "Frankfurt Ch A 2016"]
[Site "Ffm-Höchst, BiKuZ"]
[Date "2016.06.06"]
[Round "6.5"]
[White "Keller, Peter"]
[Black "Schwenkreis, Thomas"]
[Result "1/2-1/2"]
[WhiteElo "2248"]
[BlackElo "2001"]
[PlyCount "126"]
[EventDate "2016.??.??"]
[WhiteTeam "Frankfurter TV"]
[BlackTeam "SV Oberursel"]

1. e4 e5 2. Nf3 Nc6 3. Bb5 Nge7 4. c3 d6 5. d4 Bd7 6. d5 Nb8 7. Bxd7+ Nxd7 8.
O-O g6 9. c4 Bg7 10. Nc3 O-O 11. Be3 h6 12. Ne1 f5 13. f3 f4 14. Bf2 g5 15. Nd3
b6 16. a4 Ng6 17. a5 Nc5 18. b4 Nxd3 19. Qxd3 Rf7 20. c5 bxc5 21. bxc5 h5 22.
a6 Kh8 23. c6 g4 24. Rfb1 g3 25. hxg3 fxg3 26. Bxg3 Qg5 27. Kf2 Bh6 28. Ne2
Raf8 29. Rf1 Kh7 30. Ra3 h4 31. Bh2 Qh5 32. Rh1 Qg5 33. Bg1 Rb8 34. Rb3 Rxb3
35. Qxb3 Qd2 36. Bh2 h3 37. g3 Rf8 38. Qc3 Qg5 39. Rb1 Nh4 40. Ng1 Qg4 41. Qd3
Ng2 42. Rb7 Be3+ 43. Ke2 Qc8 44. Qd1 Bb6 45. Qf1 Rf6 46. Kd2 Qf8 47. f4 exf4
48. gxf4 Qh6 49. Ne2 Ne3 50. Qf3 Nc4+ 51. Kc3 Ne5 52. Qf1 Ng4 53. Qh1 Rg6 54.
Nd4 Bxd4+ 55. Kxd4 Qg7+ 56. e5 dxe5+ 57. fxe5 Nf2 58. Qf3 Rg4+ 59. Kc5 Ne4+ 60.
Kb5 Nd6+ 61. Ka5 Nc4+ 62. Kb5 Nd6+ 63. Ka5 Nc4+ 1/2-1/2

[Event "Frankfurt Ch A 2016"]
[Site "Ffm-Höchst, BiKuZ"]
[Date "2016.06.06"]
[Round "6.6"]
[White "Sachse, Günter"]
[Black "Reschke, Thomas"]
[Result "0-1"]
[WhiteElo "1989"]
[BlackElo "2048"]
[PlyCount "84"]
[EventDate "2016.??.??"]
[WhiteTeam "SK Langen"]
[BlackTeam "SC Frankfurt-West"]

1. e4 g6 2. d4 c6 3. f4 d5 4. e5 h5 5. Nf3 Bg4 6. Be2 e6 7. Be3 Nh6 8. Qd2 Nf5
9. Bf2 Qb6 10. Nc3 Qxb2 11. Rb1 Qa3 12. O-O Qe7 13. h3 Bxf3 14. Bxf3 h4 15. Nd1
Qc7 16. Ne3 Nxe3 17. Qxe3 Nd7 18. Qb3 Rb8 19. c4 dxc4 20. Qxc4 Nb6 21. Qc2 Rd8
22. Qb3 Rd7 23. Rfc1 Qd8 24. Be4 Rg8 25. Qf3 Be7 26. Qg4 Kf8 27. Be3 Rxd4 28.
Bc2 Rc4 29. Qe2 Bc5 30. Rd1 Qe7 31. Bb3 Bxe3+ 32. Qxe3 Qc5 33. Qxc5+ Rxc5 34.
Rd4 Ke7 35. Kf2 Rd8 36. Rbd1 Rxd4 37. Rxd4 Nd5 38. f5 gxf5 39. Rxh4 Nc3 40. Rb4
b5 41. Ke3 Nd5+ 42. Kd4 Rc1 0-1

[Event "Frankfurt Ch A 2016"]
[Site "Ffm-Höchst, BiKuZ"]
[Date "2016.06.06"]
[Round "6.7"]
[White "Rutsatz, Mario"]
[Black "Bösch, Dirk"]
[Result "0-1"]
[WhiteElo "1900"]
[BlackElo "2098"]
[PlyCount "56"]
[EventDate "2016.??.??"]
[WhiteTeam "SF Frankfurt"]
[BlackTeam "SK Ebringen"]

1. Nf3 c5 2. g3 Nc6 3. Bg2 g6 4. O-O Bg7 5. c4 e6 6. Nc3 Nge7 7. d3 b6 8. Bf4
d6 9. Rb1 Bb7 10. Ne4 Nc8 11. Qd2 h6 12. a3 g5 13. Be3 d5 14. cxd5 exd5 15.
Nexg5 hxg5 16. Bxg5 Qd7 17. b4 cxb4 18. axb4 Nd6 19. b5 Ne7 20. Qb4 d4 21. Bf4
Rd8 22. h4 Nd5 23. Qd2 Nc3 24. Rb4 Ndxb5 25. Rc4 Bd5 26. Ne5 Bxe5 27. Bxe5 Bxg2
28. Bxh8 Qh3 0-1

[Event "Frankfurt Ch A 2016"]
[Site "Ffm-Höchst, BiKuZ"]
[Date "2016.06.06"]
[Round "6.8"]
[White "Kellerwessel, Ralf"]
[Black "Calvi, Stefan"]
[Result "0-1"]
[WhiteElo "1923"]
[BlackElo "1974"]
[PlyCount "58"]
[EventDate "2016.??.??"]
[WhiteTeam "SC Bad Soden"]
[BlackTeam "SF Frankfurt"]

1. e4 c5 2. Nc3 Nc6 3. f4 g6 4. Nf3 Bg7 5. Bb5 e6 6. Bxc6 bxc6 7. O-O d5 8. d3
Ne7 9. Qe1 c4 10. dxc4 Ba6 11. f5 gxf5 12. exf5 Nxf5 13. Ng5 Qe7 14. g4 Nd6 15.
c5 Bd4+ 16. Be3 Qxg5 17. Bxd4 Qxg4+ 18. Kh1 Bxf1 19. Qxf1 Qxd4 20. cxd6 Rg8 21.
Re1 Rg7 22. Nb5 cxb5 23. Qxb5+ Kf8 24. Qb7 Re8 25. d7 Rd8 26. Qc7 Qb6 27. Qc8
Ke7 28. Qc3 d4 29. Qa3+ Kxd7 0-1

[Event "Frankfurt Ch A 2016"]
[Site "Ffm-Höchst, BiKuZ"]
[Date "2016.06.06"]
[Round "6.9"]
[White "Benninger, Rudolf"]
[Black "Winand, Edgar"]
[Result "1-0"]
[WhiteElo "1970"]
[BlackElo "1828"]
[PlyCount "43"]
[EventDate "2016.??.??"]
[WhiteTeam "SC Heusenstamm"]
[BlackTeam "SC Flörsheim"]

1. e4 d6 2. d4 g6 3. Nc3 Bg7 4. f4 b6 5. Nf3 Bb7 6. Bd3 c5 7. d5 Nd7 8. O-O
Ngf6 9. Qe1 O-O 10. Qh4 e6 11. dxe6 fxe6 12. Ng5 Re8 13. f5 Nf8 14. fxe6 Qe7
15. Bc4 h6 16. Nf7 Nxe4 17. Nxh6+ Kh7 18. Qh3 Bd4+ 19. Kh1 Ng5 20. Bxg5 Qxg5
21. Rf7+ Bg7 22. Nf5+ 1-0

[Event "Frankfurt Ch A 2016"]
[Site "Ffm-Höchst, BiKuZ"]
[Date "2016.06.06"]
[Round "6.10"]
[White "Medvedovski, Michael"]
[Black "Cors, Heinz-Friedrich"]
[Result "1-0"]
[WhiteElo "1995"]
[BlackElo "1857"]
[PlyCount "91"]
[EventDate "2016.??.??"]
[WhiteTeam "Frankfurter TV"]
[BlackTeam "Schachforum Darmstadt"]

1. Nf3 Nf6 2. g3 d5 3. Bg2 e6 4. d3 Be7 5. O-O O-O 6. Nbd2 c6 7. e4 a5 8. a4
Na6 9. Qe2 Rb8 10. e5 Nd7 11. Nd4 Nc7 12. f4 c5 13. Nb5 Nxb5 14. axb5 b6 15. c4
Bb7 16. Nf3 Qc7 17. Bd2 Rbe8 18. Rae1 d4 19. g4 Kh8 20. g5 Bd8 21. Bh3 g6 22.
Bg4 Kg7 23. h4 Rg8 24. Qg2 Kf8 25. h5 Ke7 26. Qh3 Nf8 27. hxg6 hxg6 28. Kf2 Kd7
29. Rh1 Kc8 30. Qg3 Kb8 31. Rh6 Qe7 32. Reh1 Bc7 33. R1h3 Ka7 34. Nh2 Bd8 35.
Bd1 Ba8 36. Ng4 Qb7 37. Rh2 Nd7 38. Rh7 Nf8 39. R7h6 Nd7 40. Be2 Be7 41. Rh7
Ref8 42. Bf3 Qc8 43. Bxa8 Kxa8 44. Qg2+ Ka7 45. Nh6 Qe8 46. Nxg8 1-0

[Event "Frankfurt Ch A 2016"]
[Site "Ffm-Höchst, BiKuZ"]
[Date "2016.06.06"]
[Round "6.11"]
[White "Krüger, Till"]
[Black "Uwira, Oliver"]
[Result "0-1"]
[WhiteElo "1865"]
[BlackElo "2236"]
[PlyCount "56"]
[EventDate "2016.??.??"]
[WhiteTeam "SC Nidderau"]
[BlackTeam "SC Nied"]

1. e4 c5 2. Nf3 Nc6 3. Bb5 Nf6 4. Bxc6 dxc6 5. d3 Bg4 6. h3 Bh5 7. O-O Qc7 8.
a4 e5 9. Na3 O-O-O 10. Qe2 Nd7 11. Nc4 f6 12. Be3 Be7 13. a5 Kb8 14. c3 Nf8 15.
b4 Qd7 16. g4 Bf7 17. Nfxe5 fxe5 18. Nxe5 Qe6 19. Bf4 Bd6 20. Nxf7 Qxf7 21.
Bxd6+ Rxd6 22. bxc5 Rd7 23. f4 Ne6 24. Qe3 Rhd8 25. f5 Rxd3 26. fxe6 Qxf1+ 27.
Rxf1 Rxe3 28. e7 Rc8 0-1

[Event "Frankfurt Ch A 2016"]
[Site "Ffm-Höchst, BiKuZ"]
[Date "2016.06.06"]
[Round "6.12"]
[White "Vega Lopez de Nava, Cesar Octavi"]
[Black "Stockmann, Michael"]
[Result "0-1"]
[WhiteElo "1845"]
[BlackElo "2189"]
[PlyCount "70"]
[EventDate "2016.??.??"]
[WhiteTeam "SV Rüsselsheim"]
[BlackTeam "SF Schöneck"]

1. e4 d5 2. exd5 Qxd5 3. Nc3 Qd6 4. d4 c6 5. Nf3 Bg4 6. Bd3 Nf6 7. Be3 Nbd7 8.
h3 Bh5 9. g4 Bg6 10. Nh4 Bxd3 11. Qxd3 e6 12. f4 Be7 13. Nf3 Nd5 14. Nxd5 exd5
15. O-O-O O-O-O 16. Ne5 Rdf8 17. c4 dxc4 18. Qxc4 Nb6 19. Qc2 Nd5 20. Bd2 f6
21. Qf5+ Kc7 22. Nc4 Qd7 23. Qd3 Bd6 24. Rhf1 Re8 25. Kb1 Kc8 26. Rc1 Bc7 27.
Rf3 h6 28. f5 Re7 29. Qa3 Kb8 30. Bb4 Re4 31. Nd6 Rxd4 32. Nxb7 Nxb4 33. Nc5
Qd5 34. Rb3 a5 35. Qxa5 Bxa5 0-1

[Event "Frankfurt Ch A 2016"]
[Site "Ffm-Höchst, BiKuZ"]
[Date "2016.06.06"]
[Round "6.13"]
[White "Grossjohann, Daniel"]
[Black "Nagelsdiek, Ralf"]
[Result "0-1"]
[WhiteElo "1838"]
[BlackElo "1983"]
[PlyCount "80"]
[EventDate "2016.??.??"]
[WhiteTeam "SC Bad Soden"]
[BlackTeam "SC Bad Soden"]

1. e4 c5 2. Nf3 d6 3. d4 cxd4 4. Nxd4 Nf6 5. Nc3 a6 6. Be2 e5 7. Nb3 Be7 8. Be3
Be6 9. g4 d5 10. Bc5 d4 11. g5 Nfd7 12. Bxe7 Qxe7 13. Nd5 Bxd5 14. exd5 Qxg5
15. Qd2 Qxd2+ 16. Nxd2 Nb6 17. Ne4 Nxd5 18. Bc4 Nb4 19. O-O-O b5 20. Bb3 O-O
21. a3 N4c6 22. Rdg1 Nd7 23. Rg3 Ne7 24. h4 h6 25. Nd6 Nc5 26. Ba2 Rad8 27. b4
Rxd6 28. bxc5 Rf6 29. Rhg1 g6 30. h5 g5 31. R1g2 Kg7 32. Kd2 Rc8 33. c4 Rxc5
34. cxb5 axb5 35. Rb3 Rfc6 36. Bb1 f5 37. a4 bxa4 38. Rb7 Rc7 39. Rb6 a3 40.
Ra6 Rb7 0-1

[Event "Frankfurt Ch A 2016"]
[Site "Ffm-Höchst, BiKuZ"]
[Date "2016.06.06"]
[Round "6.14"]
[White "Pfeffer, Marko"]
[Black "Pabel, Ralph"]
[Result "1/2-1/2"]
[WhiteElo "1972"]
[BlackElo "1867"]
[PlyCount "120"]
[EventDate "2016.??.??"]
[WhiteTeam "SC Bergen-Enkheim"]
[BlackTeam "SK Mainaschaff"]

1. d4 d5 2. Bg5 c6 3. Nf3 g6 4. Nc3 Bf5 5. e3 Bg7 6. Bd3 Nf6 7. Bxf5 gxf5 8.
Qd3 Ne4 9. Bh4 Qa5 10. O-O e6 11. Nd2 Bf6 12. Bxf6 Nxf6 13. f3 Qa6 14. Qxa6
Nxa6 15. a3 Rg8 16. Rae1 Rg7 17. Ne2 O-O-O 18. Nf4 Nb8 19. Re2 Nbd7 20. Rc1
Rdg8 21. Nf1 h5 22. Kf2 h4 23. Ke1 Nb6 24. b3 Kd7 25. c4 Ne8 26. g3 hxg3 27.
Nxg3 Rh7 28. Kd2 Rgh8 29. Nf1 Rg8 30. Nd3 Kc8 31. Nc5 Rg1 32. Rf2 Nf6 33. Nd3
Nh5 34. c5 Nd7 35. Ng3 Rxc1 36. Kxc1 Nxg3 37. hxg3 Rh1+ 38. Kc2 Kd8 39. Rg2 Rf1
40. Nf2 Nf6 41. g4 fxg4 42. fxg4 Ra1 43. a4 Ra2+ 44. Kd1 Ke7 45. g5 Ne4 46. Ke1
Kf8 47. Kf1 Nd2+ 48. Kg1 Ra1+ 49. Kh2 Nxb3 50. Ng4 Nc1 51. Ne5 Rxa4 52. Rf2 Ra2
53. Kg3 Rxf2 54. Kxf2 a5 55. Nd7+ Kg7 56. Nb6 Kg6 57. Ke1 Na2 58. Kd1 Kxg5 59.
Kc2 Kf5 60. Kd3 Nb4+ 1/2-1/2

[Event "Frankfurt Ch A 2016"]
[Site "Ffm-Höchst, BiKuZ"]
[Date "2016.06.06"]
[Round "6.15"]
[White "Beinrucker, Markus"]
[Black "Ortinau, Peter"]
[Result "1-0"]
[WhiteElo "1824"]
[BlackElo "1963"]
[PlyCount "71"]
[EventDate "2016.??.??"]
[WhiteTeam "SK Niederbrechen"]
[BlackTeam "Frankfurter TV"]

1. d4 Nf6 2. Bf4 c5 3. e3 Qb6 4. Nc3 e6 5. Nf3 a6 6. Rb1 d5 7. dxc5 Qxc5 8. Be2
Nc6 9. O-O Bd7 10. Ne5 Be7 11. a3 Nxe5 12. Bxe5 O-O 13. e4 Bc6 14. b4 Qa7 15.
exd5 Nxd5 16. Nxd5 Bxd5 17. c4 Be4 18. Rb3 Rad8 19. Qc1 Bd6 20. Bxd6 Rxd6 21.
c5 Rd7 22. Rd1 Rfd8 23. Rxd7 Rxd7 24. Qf4 Bc6 25. h4 Qa8 26. Rg3 Qd8 27. h5 g6
28. hxg6 hxg6 29. Rh3 Qf8 30. Qe5 f6 31. Qxe6+ Kg7 32. Qe3 Qe7 33. Qh6+ Kf7 34.
Qh7+ Kf8 35. Qh8+ Kf7 36. Rh7+ 1-0

[Event "Frankfurt Ch A 2016"]
[Site "Ffm-Höchst, BiKuZ"]
[Date "2016.06.06"]
[Round "6.16"]
[White "Kolker, Vladislav"]
[Black "Menning, Uwe"]
[Result "1-0"]
[WhiteElo "1957"]
[BlackElo "1837"]
[PlyCount "54"]
[EventDate "2016.??.??"]
[WhiteTeam "SC Bad Nauheim"]
[BlackTeam "FC Bierstadt"]

1. e4 c6 2. Nf3 d5 3. exd5 cxd5 4. Ne5 Nd7 5. d4 a6 6. Bd3 Nxe5 7. dxe5 g6 8.
O-O Bf5 9. Bxf5 gxf5 10. e6 fxe6 11. Qh5+ Kd7 12. Re1 Qe8 13. Qe2 Qf7 14. Bf4
Rc8 15. c3 Nf6 16. Nd2 Ne4 17. Nb3 Bg7 18. f3 Nd6 19. Qf2 e5 20. Bxe5 Bxe5 21.
Rxe5 Nc4 22. Re2 Kc7 23. Nc5 f4 24. Ne6+ Kb8 25. Qd4 Ne3 26. Qxf4+ Qxf4 27.
Nxf4 Nf5 1-0

[Event "Frankfurt Ch A 2016"]
[Site "Ffm-Höchst, BiKuZ"]
[Date "2016.06.06"]
[Round "6.17"]
[White "Rennhack, Peer"]
[Black "Gräbner, Walter"]
[Result "1/2-1/2"]
[WhiteElo "1835"]
[BlackElo "1949"]
[PlyCount "94"]
[EventDate "2016.??.??"]
[WhiteTeam "Frankfurter TV"]
[BlackTeam "SC Nied"]

1. e4 c6 2. d4 d5 3. e5 c5 4. dxc5 Nc6 5. Bb5 e6 6. Be3 Qc7 7. Nf3 Nge7 8. c3
Nf5 9. Bd4 Bd7 10. O-O Nfxd4 11. cxd4 Nxe5 12. Nxe5 Bxb5 13. Re1 Be7 14. Nc3
Bd7 15. Qg4 O-O 16. Nxd5 exd5 17. Qxd7 Rac8 18. Qxd5 Rcd8 19. Qc4 Bf6 20. Nf3
b6 21. b4 b5 22. Qxb5 Bxd4 23. Nxd4 Rxd4 24. Re8 g6 25. Rxf8+ Kxf8 26. Re1 Qf4
27. g3 Qd2 28. Qe8+ Kg7 29. b5 Rd5 30. Qe2 Qxe2 31. Rxe2 Rxc5 32. Rb2 Kf8 33.
f4 Ke7 34. Kf2 Kd7 35. Ke3 f6 36. h4 Rc3+ 37. Kf2 h5 38. a4 Ke6 39. a5 Rc7 40.
b6 axb6 41. Rxb6+ Kf5 42. Kg2 Rc2+ 43. Kh3 Ra2 44. Rb5+ Ke6 45. Rb6+ Kf5 46. a6
Ra3 47. Kh2 Ra2+ 1/2-1/2

[Event "Frankfurt Ch A 2016"]
[Site "Ffm-Höchst, BiKuZ"]
[Date "2016.06.06"]
[Round "6.18"]
[White "Stock, Jürgen"]
[Black "Breitwieser, Jasmin"]
[Result "0-1"]
[WhiteElo "1780"]
[BlackElo "1940"]
[PlyCount "92"]
[EventDate "2016.??.??"]
[WhiteTeam "SC Eschborn"]
[BlackTeam "SF Frankfurt"]

1. d4 Nf6 2. c3 c5 3. e3 b6 4. f4 Bb7 5. Nf3 g6 6. Bd3 Bg7 7. O-O O-O 8. Qe2 d6
9. Nbd2 Nbd7 10. f5 e5 11. fxe6 fxe6 12. Ng5 Qe7 13. Ndf3 e5 14. dxc5 Nxc5 15.
Bc2 Ba6 16. c4 d5 17. b3 dxc4 18. bxc4 e4 19. Nd4 Nfd7 20. Rxf8+ Rxf8 21. Nh3
Ne5 22. Ba3 Bxc4 23. Bb3 Bxb3 24. axb3 Bh6 25. Nf2 Ned3 26. Ng4 Bg7 27. Rf1
Rxf1+ 28. Qxf1 Qg5 29. h3 h5 30. Bxc5 Nxc5 31. Qc4+ Kh7 32. Nf2 Qxe3 33. Nc2
Qxb3 34. Qxb3 Nxb3 35. Nxe4 a5 36. Kf1 b5 37. Ke2 Be5 38. Na3 Nd4+ 39. Kd3 Kg7
40. Nc5 Kf7 41. Nb7 a4 42. Ke4 b4 43. Nc4 Bg7 44. Nc5 a3 45. Na5 a2 46. Nab3
Nxb3 0-1

[Event "Frankfurt Ch A 2016"]
[Site "Ffm-Höchst, BiKuZ"]
[Date "2016.06.06"]
[Round "6.19"]
[White "Reschke, Stefan"]
[Black "Roggensack, Hans Peter"]
[Result "0-1"]
[WhiteElo "2215"]
[BlackElo "1992"]
[PlyCount "36"]
[EventDate "2016.??.??"]
[WhiteTeam "SV Oberursel"]
[BlackTeam "SF Frankfurt"]

1. d4 d5 2. Nc3 Nf6 3. Bf4 e6 4. e3 Be7 5. Qd3 O-O 6. O-O-O a6 7. f3 b6 8. g4
c5 9. h4 Nc6 10. Qd2 b5 11. Qh2 Ra7 12. dxc5 Bxc5 13. Ne4 Nxe4 14. fxe4 Rd7 15.
exd5 Rxd5 16. Rxd5 Qxd5 17. Bg2 Qxa2 18. Bxc6 Rd8 0-1

[Event "Frankfurt Ch A 2016"]
[Site "Ffm-Höchst, BiKuZ"]
[Date "2016.06.06"]
[Round "6.20"]
[White "Budde, Michael"]
[Black "Masoudi, Kian"]
[Result "1-0"]
[WhiteElo "1934"]
[BlackElo "1361"]
[PlyCount "79"]
[EventDate "2016.??.??"]
[WhiteTeam "SC Flörsheim"]
[BlackTeam "SC Bergen-Enkheim"]

1. d4 Nf6 2. Bg5 c5 3. d5 Qb6 4. Bxf6 gxf6 5. Qc1 Na6 6. Nf3 Bg7 7. g3 d6 8.
Bg2 h5 9. O-O Bf5 10. Re1 Bh6 11. e3 Nb4 12. Na3 Nxd5 13. Nh4 Be6 14. Qd1 Nc7
15. Qd3 O-O-O 16. Nc4 Qa6 17. b3 d5 18. Nb2 c4 19. Qe2 Bg7 20. Na4 Qa5 21. Rad1
f5 22. Qf3 cxb3 23. cxb3 Qb4 24. Nxf5 Bxf5 25. Qxf5+ e6 26. Qxf7 Qf8 27. Qxf8
Rhxf8 28. e4 Rfe8 29. exd5 exd5 30. Rxe8 Rxe8 31. Bxd5 h4 32. Bf3 h3 33. Bg4+
Kb8 34. Bxh3 Na6 35. Rd7 Re1+ 36. Kg2 Ba1 37. Rd8+ Kc7 38. Rc8+ Kd6 39. Nc3 Rc1
40. Ne4+ 1-0

[Event "Frankfurt Ch A 2016"]
[Site "Ffm-Höchst, BiKuZ"]
[Date "2016.06.06"]
[Round "6.21"]
[White "Thede, Stefan"]
[Black "Egenolf, Dirk"]
[Result "0-1"]
[WhiteElo "1645"]
[BlackElo "1911"]
[PlyCount "101"]
[EventDate "2016.??.??"]
[WhiteTeam "SV Frankfurt Nord"]
[BlackTeam "SK Niederbrechen"]

1. Nf3 d5 2. g3 c5 3. Bg2 Nc6 4. O-O e5 5. d3 f6 6. Nbd2 Be6 7. e4 d4 8. a4 Qd7
9. Nh4 g5 10. Nf5 Nge7 11. g4 h5 12. f3 hxg4 13. fxg4 Ng6 14. Nf3 O-O-O 15. Kf2
Bd6 16. a5 a6 17. Rh1 Bc7 18. Bd2 Nf4 19. Bf1 Bxf5 20. exf5 Nh3+ 21. Kg2 Qd5
22. Qe1 Rde8 23. Qe4 Qd8 24. Kg3 Nf4 25. h4 gxh4+ 26. Rxh4 Rxh4 27. Nxh4 Nxa5
28. b4 cxb4 29. Bxb4 Nc6 30. Bd2 Qd5 31. Qxd5 Nxd5 32. Kf2 Nde7 33. Bg2 Rh8 34.
Rh1 Kd7 35. g5 fxg5 36. Bxg5 Bd6 37. f6 Ng8 38. Bh3+ Ke8 39. Be6 Nd8 40. Bf5
Nf7 41. Bg6 Kf8 42. Nf5 Rxh1 43. Bxf7 Kxf7 44. Nxd6+ Kf8 45. Kg3 a5 46. Kg4 Rf1
47. f7 Nf6+ 48. Bxf6 Rxf6 49. Nxb7 a4 50. Nc5 a3 51. Nb3 0-1